00530nam a2200193 a 450000500170000000800410001703500190005810000210007722200240009824500600012230000120018236200400019465300280023465300160026265300130027890400150029190500130030699900170031920210219153237.0991125n 000 0 ita u aUPN01000085404 aAugenti, Antonio 0aRICERCHE DIDATTICHE 0aL'educazione interculturale e il ruolo degli insegnanti a257-259 a1992 No. 11-12 = 359-360, nov.-dic.0 aEDUCACION MULTICULTURAL0 aENSEÑANZA0 aMAESTROS aACb023215 aArticulo c71885d71885